[Event "Karvina op"]
[Site "Karvina"]
[Date "2014.06.30"]
[Round "3"]
[White "Sramek, Tomas"]
[Black "Wiewiorkowski, Dariusz"]
[Result "1/2-1/2"]
[WhiteElo "1985"]
[BlackElo "2102"]
[PlyCount "87"]
[EventDate "2014.06.28"]
[EventType "swiss"]
[EventRounds "9"]
[EventCountry "CZE"]
[SourceTitle "CBM 161 Extra"]
[Source "ChessBase"]
[SourceDate "2014.08.29"]
[SourceVersion "1"]
[SourceVersionDate "2014.08.29"]
[SourceQuality "1"]

1. e4 c5 2. c3 Nf6 3. e5 Nd5 4. d4 e6 5. Nf3 Be7 6. Bd3 d6 7. 0-0 Nc6 8. a3 Qc7 9. Re1 Bd7 10. c4 Nb6 11. exd6 Qxd6 12. dxc5 Qxc5 13. Be3 Qh5 14. Nc3 Bc5 15. Bxc5 Qxc5 16. Ne4 Qe7 17. c5 Nc8 18. b4 a6 19. Qd2 0-0 20. Rad1 Rd8 21. Bb1 e5 22. Qc2 g6 23. Qb2 f6 24. Ba2+ Kg7 25. Rd2 Bg4 26. Rxd8 Nxd8 27. Nfd2 Be6 28. Nf3 Na7 29. Nd6 Nac6 30. h3 b6 31. Rc1 Bxa2 32. Qxa2 Ne6 33. Qd5 Ncd4 34. Qxa8 Ne2+ 35. Kh2 Nxc1 36. Qxa6 bxc5 37. Nc8 Qd7 38. bxc5 Nxc5 39. Qa7 Qxa7 40. Nxa7 Kf7 41. Nd2 Ne2 42. g3 Ke6 43. Nb5 Kd5 44. Nc7+ 1/2-1/2

[Event "Karvina op"]
[Site "Karvina"]
[Date "2014.06.29"]
[Round "2"]
[White "Wiewiorkowski, Dariusz"]
[Black "Orzechowski, Michal"]
[Result "1-0"]
[WhiteElo "2102"]
[BlackElo "1587"]
[PlyCount "37"]
[EventDate "2014.06.28"]
[EventType "swiss"]
[EventRounds "9"]
[EventCountry "CZE"]
[SourceTitle "CBM 161 Extra"]
[Source "ChessBase"]
[SourceDate "2014.08.29"]
[SourceVersion "1"]
[SourceVersionDate "2014.08.29"]
[SourceQuality "1"]

1. d4 d5 2. c4 Nc6 3. cxd5 Qxd5 4. e3 e6 5. Nc3 Qd8 6. Nf3 Nf6 7. Bb5 Bd7 8. 0-0 Be7 9. e4 Na5 10. Bd3 b6 11. Qe2 0-0 12. e5 Nd5 13. Ne4 Nb4 14. Bb1 Bc6 15. a3 Nd5 16. Nfg5 h6 17. Qh5 Be8 18. Qh3 hxg5 19. Nxg5 1-0